[Event "Berlin Eckbauer op 21st"]
[Site "Berlin"]
[Date "2018.11.05"]
[Round "4"]
[White "Kirves, Martin"]
[Black "Adam, Hanna"]
[Result "1-0"]
[WhiteElo "1631"]
[BlackElo "1502"]
[PlyCount "96"]
[EventDate "2018.10.08"]
[EventType "swiss"]
[EventRounds "7"]
[EventCountry "GER"]
[SourceTitle "CBM 189 Extra"]
[Source "ChessBase"]
[SourceDate "2019.05.31"]
[SourceVersion "1"]
[SourceVersionDate "2019.05.31"]
[SourceQuality "1"]

1. d4 e6 2. c4 Nf6 3. Nc3 Bb4 4. Qc2 0-0 5. Nf3 c5 6. e3 b6 7. Be2 Bb7 8. 0-0 cxd4 9. Nxd4 Bxc3 10. Qxc3 d6 11. Rd1 Ne4 12. Qc2 Nd7 13. b3 Qf6 14. f3 Ng5 15. h4 Nh3+ 16. gxh3 Qxh4 17. e4 Qg3+ 18. Kf1 Qxh3+ 19. Ke1 Qh4+ 20. Kd2 Qf4+ 21. Kc3 Qe5 22. Kb2 b5 23. f4 Qc5 24. Nxb5 d5 25. e5 a6 26. Nd6 Bc6 27. Rb1 Rab8 28. Ka1 Nb6 29. Bb2 dxc4 30. Nxc4 Nd5 31. Ba3 Nb4 32. Bxb4 Rxb4 33. Rbc1 Rfb8 34. Qd2 Bd5 35. Ne3 Qa5 36. Nxd5 exd5 37. Qxd5 Qxd5 38. Rxd5 Rxf4 39. Rcd1 g6 40. Bxa6 Kg7 41. Bc4 Rf2 42. Rd7 Ra8 43. R7d2 Rf4 44. Rf1 Rxf1+ 45. Bxf1 Re8 46. Re2 g5 47. Re1 h5 48. a4 Kh6 1-0

[Event "Berlin Lieb Memorial 3rd"]
[Site "Berlin"]
[Date "2017.07.06"]
[Round "7"]
[White "Adam, Hanna"]
[Black "Morczynski, Ryszard"]
[Result "1-0"]
[WhiteElo "1410"]
[BlackElo "1490"]
[PlyCount "57"]
[EventDate "2017.05.11"]
[EventType "swiss"]
[EventRounds "7"]
[EventCountry "GER"]
[SourceTitle "CBM 189 Extra"]
[Source "ChessBase"]
[SourceDate "2019.05.31"]
[SourceVersion "1"]
[SourceVersionDate "2019.05.31"]
[SourceQuality "1"]

1. d4 Nf6 2. Bf4 g6 3. e3 d6 4. Be2 Bg7 5. Nd2 0-0 6. e4 c6 7. c3 b5 8. Ngf3 Bb7 9. 0-0 Nbd7 10. e5 Nd5 11. Bg3 Qc7 12. exd6 exd6 13. Ng5 h6 14. Nge4 Qd8 15. Nxd6 Ba6 16. a4 f5 17. axb5 Bxb5 18. h3 Bxe2 19. Qxe2 f4 20. Bh2 N7b6 21. Qe6+ Kh7 22. N2e4 Nc8 23. Nxc8 Rxc8 24. Rxa7 Re8 25. Qf7 Re7 26. Rxe7 Nxe7 27. Bxf4 Nf5 28. Be5 Rc7 29. Bxc7 1-0

[Event "Berlin Eckbauer op 19th"]
[Site "Berlin"]
[Date "2016.11.14"]
[Round "5"]
[White "Prinz, Tade"]
[Black "Adam, Hanna"]
[Result "0-1"]
[WhiteElo "1689"]
[BlackElo "1410"]
[PlyCount "142"]
[EventDate "2016.10.10"]
[EventType "swiss"]
[EventRounds "7"]
[EventCountry "GER"]
[SourceTitle "EXT 2022"]
[Source "ChessBase"]
[SourceDate "2021.10.06"]
[SourceVersion "1"]
[SourceVersionDate "2021.10.06"]
[SourceQuality "1"]

1. Nf3 d5 2. b3 e6 3. Bb2 Nf6 4. e3 c5 5. Ne5 a6 6. f4 Be7 7. Bd3 b6 8. 0-0 Bb7 9. Nc3 0-0 10. Ne2 Nbd7 11. Ng3 Ne4 12. Rf3 Ndf6 13. f5 Nxg3 14. Rxg3 Ne4 15. Rh3 Bf6 16. Qh5 h6 17. fxe6 fxe6 18. Rf1 Rc8 19. Qg4 Ng5 20. Rh5 Bxe5 21. Rxf8+ Qxf8 22. Bxe5 Re8 23. h4 Nf7 24. Qg6 Nxe5 25. Qh7+ Kf7 26. Rxe5 Kf6 27. Rh5 Qf7 28. g4 Ke7 29. Bg6 Qf6 30. Bxe8 Kxe8 31. Qg8+ Ke7 32. d4 cxd4 33. Qb8 Bc6 34. Qc7+ Bd7 35. Qxb6 dxe3 36. Qc5+ Ke8 37. Qxe3 d4 38. Qe4 Kf7 39. g5 Qg6 40. Qf3+ Ke7 41. Qg2 Qxh5 42. gxh6 Qxh6 43. Qe4 Qe3+ 44. Qxe3 dxe3 45. Kf1 Kf6 46. Ke2 Kf5 47. Kxe3 Ke5 48. c4 g6 49. b4 Ba4 50. a3 Bc6 51. c5 Bb5 52. Kf3 Kf5 53. Ke3 e5 54. Kf3 Bc6+ 55. Ke3 Kg4 56. a4 Kxh4 57. b5 axb5 58. axb5 Bxb5 59. Ke4 g5 60. Kf3 Bc6+ 61. Kf2 Kh3 62. Kg1 g4 63. Kf1 Kh2 64. Kf2 g3+ 65. Kf1 g2+ 66. Ke2 g1Q 67. Kd3 Qd4+ 68. Ke2 Kg2 69. Ke1 Qb2 70. Kd1 Ba4+ 71. Ke1 Qf2# 0-1

[Event "Berlin Eckbauer op 19th"]
[Site "Berlin"]
[Date "2016.11.07"]
[Round "4"]
[White "Adam, Hanna"]
[Black "Meinicke, Kurt"]
[Result "1/2-1/2"]
[WhiteElo "1410"]
[BlackElo "1514"]
[PlyCount "93"]
[EventDate "2016.10.10"]
[EventType "swiss"]
[EventRounds "7"]
[EventCountry "GER"]
[SourceTitle "EXT 2022"]
[Source "ChessBase"]
[SourceDate "2021.10.06"]
[SourceVersion "1"]
[SourceVersionDate "2021.10.06"]
[SourceQuality "1"]

1. d4 d5 2. Bf4 Nf6 3. e3 c5 4. c3 Nc6 5. Bd3 c4 6. Bc2 e6 7. Nd2 b5 8. e4 dxe4 9. Nxe4 Be7 10. Nf3 Bb7 11. Nxf6+ Bxf6 12. 0-0 0-0 13. Qe2 Re8 14. Rad1 Ne7 15. Be5 Nd5 16. Qe4 g6 17. h4 Qe7 18. Bxf6 Nxf6 19. Qe2 Qc7 20. Qe5 Qe7 21. Ng5 h6 22. Ne4 Ng4 23. Qg3 h5 24. Nd6 Red8 25. Nxb7 Qxb7 26. f3 Ne3 27. Be4 Qa6 28. Bxa8 Nxf1 29. Rxf1 Rxa8 30. a3 Rc8 31. Qe5 Qb6 32. g4 Rd8 33. gxh5 Rd5 34. Qg3 Rxh5 35. f4 Qd6 36. Re1 Rf5 37. Re5 Qe7 38. Rxf5 exf5 39. Kf2 Qe4 40. Qe3 Qc2+ 41. Qe2 Qe4 42. Qxe4 fxe4 43. Ke3 f5 44. d5 Kf7 45. Kd4 Ke7 46. Ke3 Kd6 47. Kd4 1/2-1/2

[Event "Berlin Eckbauer op 19th"]
[Site "Berlin"]
[Date "2016.10.31"]
[Round "3"]
[White "Adam, Hanna"]
[Black "Geist, Wolfgang"]
[Result "1/2-1/2"]
[WhiteElo "1410"]
[BlackElo "1425"]
[PlyCount "69"]
[EventDate "2016.10.10"]
[EventType "swiss"]
[EventRounds "7"]
[EventCountry "GER"]
[SourceTitle "EXT 2022"]
[Source "ChessBase"]
[SourceDate "2021.10.06"]
[SourceVersion "1"]
[SourceVersionDate "2021.10.06"]
[SourceQuality "1"]

1. d4 d5 2. Bf4 Bf5 3. e3 e6 4. Bd3 Nf6 5. Bxf5 exf5 6. Qd3 Qd7 7. Nf3 Nc6 8. c3 Be7 9. Nbd2 0-0 10. 0-0 Ne4 11. Ne5 Nxe5 12. dxe5 Nxd2 13. Qxd2 c6 14. Rfd1 Qe6 15. a4 a5 16. b4 h5 17. h3 g5 18. Bh2 Kg7 19. b5 Rfd8 20. Qe2 Kg6 21. Qc2 c5 22. Rd2 b6 23. Rad1 c4 24. g4 hxg4 25. hxg4 Rd7 26. gxf5+ Qxf5 27. Qxf5+ Kxf5 28. Rxd5 Rxd5 29. Rxd5 Rd8 30. Rxd8 Bxd8 31. f3 Bc7 32. f4 g4 33. Kf2 Bd8 34. Ke2 Ke4 35. Bg3 1/2-1/2

[Event "Berlin Eckbauer op 16th"]
[Site "Berlin"]
[Date "2013.11.18"]
[Round "7"]
[White "Prix, Siegfried"]
[Black "Adam, Hanna"]
[Result "1-0"]
[WhiteElo "1808"]
[BlackElo "1434"]
[PlyCount "63"]
[EventDate "2013.10.07"]
[EventType "swiss"]
[EventRounds "7"]
[EventCountry "GER"]
[SourceTitle "EXT 2022"]
[Source "ChessBase"]
[SourceDate "2021.10.06"]
[SourceVersion "1"]
[SourceVersionDate "2021.10.06"]
[SourceQuality "1"]

1. d4 Nf6 2. c4 d6 3. Nc3 b6 4. e4 Bb7 5. Bd3 Nbd7 6. Nf3 e5 7. 0-0 Be7 8. d5 a5 9. Be3 0-0 10. a3 c6 11. b4 Rc8 12. Qb3 cxd5 13. cxd5 Ra8 14. Rfc1 axb4 15. axb4 Qb8 16. h3 Rc8 17. Nd2 Ba6 18. Rxa6 Rxa6 19. Bxa6 Rc7 20. Nc4 Ra7 21. Bb5 h6 22. f3 Nh5 23. Bxd7 Rxd7 24. Nxb6 Rc7 25. Nc4 Rb7 26. b5 Nf6 27. Na5 Rc7 28. b6 Rc5 29. Nc6 Qb7 30. Nxe7+ Qxe7 31. b7 Nd7 32. b8Q+ 1-0

[Event "Berlin Eckbauer op 16th"]
[Site "Berlin"]
[Date "2013.10.07"]
[Round "1"]
[White "Adam, Hanna"]
[Black "Shapiro, Yosip"]
[Result "0-1"]
[WhiteElo "1434"]
[BlackElo "2109"]
[PlyCount "40"]
[EventDate "2013.10.07"]
[EventType "swiss"]
[EventRounds "7"]
[EventCountry "GER"]
[SourceTitle "EXT 2022"]
[Source "ChessBase"]
[SourceDate "2021.10.06"]
[SourceVersion "1"]
[SourceVersionDate "2021.10.06"]
[SourceQuality "1"]

1. d4 d5 2. Nf3 Nf6 3. Bf4 Bf5 4. e3 e6 5. c4 Bb4+ 6. Nbd2 0-0 7. Qb3 Nc6 8. a3 Bd6 9. Ne5 Bxe5 10. dxe5 Nh5 11. Be2 Nxf4 12. exf4 Nd4 13. Qd1 Nc2+ 14. Kf1 Nxa1 15. Qxa1 dxc4 16. Nxc4 Qd4 17. Qc1 Rad8 18. Qe3 b5 19. Na5 Qxb2 20. Nc6 Qa1+ 0-1

[Event "Berlin Eckbauer op 15th"]
[Site "Berlin"]
[Date "2012.11.19"]
[Round "6.28"]
[White "Adam, Hanna"]
[Black "Koenig, Dennis"]
[Result "1/2-1/2"]
[WhiteElo "1409"]
[BlackElo "1619"]
[PlyCount "113"]
[EventDate "2012.10.15"]
[EventType "swiss"]
[EventRounds "7"]
[EventCountry "GER"]
[SourceTitle "EXT 2022"]
[Source "ChessBase"]
[SourceDate "2021.10.06"]
[SourceVersion "1"]
[SourceVersionDate "2021.10.06"]
[SourceQuality "1"]

1. d4 d5 2. Nf3 Nf6 3. Bf4 c5 4. e3 e6 5. c3 Nc6 6. Bd3 Bd6 7. Bxd6 Qxd6 8. Nbd2 b6 9. 0-0 Bb7 10. Re1 cxd4 11. exd4 0-0 12. Ne5 Nd7 13. Ndf3 h6 14. Qe2 Ncxe5 15. Nxe5 Nxe5 16. Qxe5 Qxe5 17. Rxe5 a5 18. f4 Ba6 19. Bxa6 Rxa6 20. f5 b5 21. Rae1 b4 22. fxe6 fxe6 23. Rxe6 Rxe6 24. Rxe6 bxc3 25. bxc3 Rc8 26. Re3 Rb8 27. Kf2 a4 28. Re2 Rc8 29. Rc2 Kf7 30. Ke3 Ke6 31. Kd3 Rc4 32. Rb2 Kf6 33. Rb4 Rxb4 34. cxb4 Ke6 35. a3 Kd6 36. Ke3 g5 37. h4 Kc6 38. hxg5 hxg5 39. Kf3 Kb5 40. Kg4 Kc4 41. Kxg5 Kxd4 42. Kf4 Kc4 43. Ke3 Kc3 44. b5 d4+ 45. Kf4 d3 46. b6 d2 47. b7 d1Q 48. b8Q Qc1+ 49. Kf5 Qc2+ 50. Kf4 Qf2+ 51. Ke4 Qxg2+ 52. Kf5 Qf2+ 53. Kg4 Qe2+ 54. Kf5 Qd3+ 55. Ke6 Qc4+ 56. Kf5 Qf7+ 57. Kg4 1/2-1/2

[Event "Berlin Eckbauer op 15th"]
[Site "Berlin"]
[Date "2012.10.15"]
[Round "1.29"]
[White "Ziems, Michael"]
[Black "Adam, Hanna"]
[Result "1-0"]
[WhiteElo "1829"]
[BlackElo "1409"]
[PlyCount "47"]
[EventDate "2012.10.15"]
[EventType "swiss"]
[EventRounds "7"]
[EventCountry "GER"]
[SourceTitle "EXT 2022"]
[Source "ChessBase"]
[SourceDate "2021.10.06"]
[SourceVersion "1"]
[SourceVersionDate "2021.10.06"]
[SourceQuality "1"]

1. d4 d5 2. c4 e6 3. Nc3 Nf6 4. e3 c5 5. cxd5 exd5 6. Nf3 Nc6 7. Bb5 Bg4 8. Qa4 Qc7 9. Ne5 Bd7 10. Nxd7 Qxd7 11. 0-0 Be7 12. dxc5 Bxc5 13. e4 dxe4 14. Bg5 Qe6 15. Bxf6 gxf6 16. Nxe4 Be7 17. Rfe1 0-0 18. Ng3 Qd7 19. Rad1 Bd6 20. Ne4 Bxh2+ 21. Kxh2 Qc7+ 22. Kg1 Ne5 23. Nxf6+ Kh8 24. Qh4 1-0

[Event "Berlin Eckbauer op 14th"]
[Site "Berlin"]
[Date "2011.11.14"]
[Round "5.32"]
[White "Adam, Hanna"]
[Black "Lemnitz, Donald"]
[Result "1-0"]
[WhiteElo "1379"]
[BlackElo "1561"]
[PlyCount "53"]
[EventDate "2011.10.17"]
[EventType "swiss"]
[EventRounds "7"]
[EventCountry "GER"]
[SourceTitle "EXT 2022"]
[Source "ChessBase"]
[SourceDate "2021.10.06"]
[SourceVersion "1"]
[SourceVersionDate "2021.10.06"]
[SourceQuality "1"]

1. d4 d5 2. Nf3 e6 3. Bf4 c5 4. e3 Nc6 5. c3 Nf6 6. Bd3 c4 7. Bc2 Be7 8. Nbd2 b5 9. a3 0-0 10. 0-0 Bb7 11. e4 dxe4 12. Nxe4 Nh5 13. Be3 Rc8 14. Nfg5 g6 15. f4 Nf6 16. Nxf6+ Bxf6 17. Qg4 Bxg5 18. fxg5 Ne7 19. Bf4 Ba8 20. Be5 Nd5 21. Rae1 Qd7 22. Qh4 Qe7 23. Bf6 Nxf6 24. gxf6 Qb7 25. Re2 Kh8 26. Qh6 Rg8 27. Rf4 1-0

[Event "Berlin Eckbauer op 14th"]
[Site "Berlin"]
[Date "2011.11.07"]
[Round "4.26"]
[White "Kuehnemann, Gunnar"]
[Black "Adam, Hanna"]
[Result "1-0"]
[WhiteElo "1797"]
[BlackElo "1379"]
[PlyCount "77"]
[EventDate "2011.10.17"]
[EventType "swiss"]
[EventRounds "7"]
[EventCountry "GER"]
[SourceTitle "EXT 2022"]
[Source "ChessBase"]
[SourceDate "2021.10.06"]
[SourceVersion "1"]
[SourceVersionDate "2021.10.06"]
[SourceQuality "1"]

1. d4 e6 2. c4 d5 3. Nf3 b6 4. a3 dxc4 5. e4 Bb7 6. Nc3 Be7 7. Bxc4 Nf6 8. Qc2 0-0 9. 0-0 Nbd7 10. Rd1 c6 11. Ba2 Rc8 12. Bb1 Ne8 13. e5 g6 14. Bh6 Ng7 15. Qd2 Re8 16. Ng5 Bxg5 17. Bxg5 f6 18. exf6 Nxf6 19. Qf4 Rf8 20. Qh4 Nf5 21. Bxf5 exf5 22. Re1 Qd6 23. Rad1 Rf7 24. Bf4 Qd7 25. Be5 Rcf8 26. h3 Nd5 27. Nxd5 Qxd5 28. f3 Bc8 29. Qf4 Be6 30. Rd2 Qd7 31. Rde2 Bd5 32. Bd6 Rd8 33. Bb4 a5 34. Re7 Qc8 35. Bd6 Qa6 36. Re8+ Rxe8 37. Rxe8+ Kg7 38. Qg5 Qa7 39. Be5+ 1-0

[Event "Berlin Eckbauer op 13th"]
[Site "Berlin"]
[Date "2010.10.25"]
[Round "6.31"]
[White "Adam, Hanna"]
[Black "Valamanesh, Habib"]
[Result "1-0"]
[WhiteElo "1391"]
[BlackElo "1633"]
[PlyCount "51"]
[EventDate "2010.09.13"]
[EventType "swiss"]
[EventRounds "7"]
[EventCountry "GER"]
[SourceTitle "EXT 2022"]
[Source "ChessBase"]
[SourceDate "2021.10.06"]
[SourceVersion "1"]
[SourceVersionDate "2021.10.06"]
[SourceQuality "1"]

1. d4 Nf6 2. Nf3 d5 3. Bf4 e6 4. e3 Be7 5. Bd3 0-0 6. Nbd2 Nbd7 7. h3 Re8 8. e4 dxe4 9. Nxe4 Nd5 10. Bg3 f5 11. Ned2 c5 12. 0-0 cxd4 13. Nxd4 Bf6 14. c3 Nc5 15. Bc2 e5 16. Nxf5 Bxf5 17. Bxf5 e4 18. Qg4 e3 19. Ne4 Nxe4 20. Bxe4 exf2+ 21. Bxf2 Re5 22. Bd4 h5 23. Qg6 Re8 24. Qh7+ Kf8 25. Bxd5 Qxd5 26. Bxf6 1-0

[Event "Berlin Eckbauer op 13th"]
[Site "Berlin"]
[Date "2010.09.20"]
[Round "2.24"]
[White "Adam, Hanna"]
[Black "Berndt, Ronald"]
[Result "0-1"]
[WhiteElo "1391"]
[BlackElo "1727"]
[PlyCount "42"]
[EventDate "2010.09.13"]
[EventType "swiss"]
[EventRounds "7"]
[EventCountry "GER"]
[SourceTitle "EXT 2022"]
[Source "ChessBase"]
[SourceDate "2021.10.06"]
[SourceVersion "1"]
[SourceVersionDate "2021.10.06"]
[SourceQuality "1"]

1. d4 e6 2. Nf3 c5 3. Bf4 cxd4 4. Nxd4 e5 5. Ne6 fxe6 6. Bxe5 Qa5+ 7. Bc3 Bb4 8. e3 Nf6 9. Bd3 0-0 10. 0-0 Nc6 11. a3 Bxc3 12. Nxc3 a6 13. Be2 Qc7 14. f3 d5 15. Rb1 b5 16. Bd3 Ne5 17. Be2 Bb7 18. Qd4 Nc4 19. e4 e5 20. Qf2 Nd2 21. Nxd5 Bxd5 0-1

[Event "Berlin Eckbauer op 12th"]
[Site "Berlin"]
[Date "2009.11.03"]
[Round "7.19"]
[White "Koischwitz, Wanja"]
[Black "Adam, Hanna"]
[Result "1/2-1/2"]
[WhiteElo "1720"]
[BlackElo "1364"]
[PlyCount "58"]
[EventDate "2009.09.14"]
[EventType "swiss"]
[EventRounds "7"]
[EventCountry "GER"]
[SourceTitle "EXT 2022"]
[Source "ChessBase"]
[SourceDate "2021.10.06"]
[SourceVersion "1"]
[SourceVersionDate "2021.10.06"]
[SourceQuality "1"]

1. d4 Nf6 2. Nf3 d5 3. e3 e6 4. Bd3 c5 5. c3 Nc6 6. 0-0 Bd6 7. Nbd2 0-0 8. dxc5 Bxc5 9. Qe2 h6 10. e4 dxe4 11. Nxe4 Be7 12. Rd1 Qc7 13. Nxf6+ Bxf6 14. Qe4 Rd8 15. Be3 Ne5 16. Qh7+ Kf8 17. Nxe5 Bxe5 18. h3 Bd7 19. b4 b6 20. Rac1 Ke7 21. Be2 Rh8 22. Qc2 Bc6 23. c4 Rad8 24. b5 Rxd1+ 25. Rxd1 Bxb5 26. Qb3 Bd7 27. Bc1 Rd8 28. Ba3+ Ke8 29. Qc2 g6 1/2-1/2

[Event "Berlin Eckbauer op 11th"]
[Site "Berlin"]
[Date "2008.09.29"]
[Round "4.23"]
[White "Baeten, Herman"]
[Black "Adam, Hanna"]
[Result "1-0"]
[WhiteElo "1558"]
[BlackElo "1405"]
[PlyCount "85"]
[EventDate "2008.09.08"]
[EventType "swiss"]
[EventRounds "6"]
[EventCountry "GER"]
[SourceTitle "EXT 2022"]
[Source "ChessBase"]
[SourceDate "2021.10.06"]
[SourceVersion "1"]
[SourceVersionDate "2021.10.06"]
[SourceQuality "1"]

1. Nf3 d5 2. d4 Nf6 3. e3 e6 4. Bd3 c5 5. c3 Nc6 6. Nbd2 c4 7. Bc2 b5 8. 0-0 Bb7 9. Re1 Bd6 10. e4 dxe4 11. Nxe4 Be7 12. Nxf6+ Bxf6 13. d5 Ne7 14. dxe6 Qxd1 15. exf7+ Kxf7 16. Bxd1 Rhf8 17. Be3 Ng6 18. Nd4 Kg8 19. Nxb5 a6 20. Nd6 Bd5 21. Be2 Ne5 22. Rad1 Nd3 23. Bxd3 cxd3 24. c4 Bc6 25. b3 Be5 26. Rxd3 Rf6 27. c5 Raf8 28. a4 Rg6 29. g3 h6 30. Bd2 Bxd6 31. cxd6 Rd8 32. Bb4 Rf6 33. Rc1 Be4 34. Rd4 Bf3 35. Re1 Kh7 36. Bc5 Bc6 37. a5 Rf3 38. b4 Rc3 39. Rd2 Rd7 40. Rdd1 Ba4 41. Ra1 Bb5 42. Re7 Rd8 43. Bd4 1-0

[Event "Berlin Eckbauer op 11th"]
[Site "Berlin"]
[Date "2008.09.22"]
[Round "3.21"]
[White "Adam, Hanna"]
[Black "Wallmann, Bodo"]
[Result "0-1"]
[WhiteElo "1405"]
[BlackElo "1864"]
[PlyCount "73"]
[EventDate "2008.09.08"]
[EventType "swiss"]
[EventRounds "6"]
[EventCountry "GER"]
[SourceTitle "EXT 2022"]
[Source "ChessBase"]
[SourceDate "2021.10.06"]
[SourceVersion "1"]
[SourceVersionDate "2021.10.06"]
[SourceQuality "1"]

1. d4 e6 2. Nf3 f5 3. Bf4 Nf6 4. e3 Be7 5. h3 d5 6. Nbd2 0-0 7. Ne5 Nbd7 8. Ndf3 Ne4 9. c3 Nxe5 10. Bxe5 c6 11. Be2 Bd6 12. 0-0 Be7 13. Qb3 Bd6 14. Rad1 Bxe5 15. dxe5 Qe7 16. c4 Kh8 17. Qc2 Bd7 18. Nd2 Ng5 19. Kh2 Nf7 20. f4 Rac8 21. Nf3 g5 22. fxg5 Nxg5 23. Nxg5 Qxg5 24. Rf4 Rg8 25. Bf3 Qg3+ 26. Kh1 Rg6 27. Qd2 Rcg8 28. Qe1 Qg5 29. Qh4 Qd8 30. Qxd8 Rxd8 31. g4 fxg4 32. hxg4 Kg7 33. Rd2 Rg5 34. cxd5 exd5 35. Rf2 Rxe5 36. e4 d4 37. Rf7+ 0-1

[Event "Berlin op 09"]
[Site "Berlin"]
[Date "2005.09.26"]
[Round "4"]
[White "Bader, Arnd"]
[Black "Adam, Hanna"]
[Result "1-0"]
[WhiteElo "1891"]
[BlackElo "1458"]
[PlyCount "55"]
[EventDate "2005.09.05"]
[EventType "swiss"]
[EventRounds "7"]
[EventCountry "GER"]
[SourceTitle "EXT 2007"]
[Source "ChessBase"]
[SourceDate "2006.11.23"]
[SourceVersion "1"]
[SourceVersionDate "2006.11.23"]
[SourceQuality "1"]

1. d4 d5 2. c4 e6 3. Nc3 Nf6 4. e3 c6 5. Nf3 Bd6 6. Qc2 Nbd7 7. g4 dxc4 8. Bxc4 b5 9. Bd3 Nd5 10. Nxd5 cxd5 11. Qc6 Bb4+ 12. Bd2 Bxd2+ 13. Nxd2 Rb8 14. Qd6 Rb6 15. Qg3 Qe7 16. Rc1 0-0 17. 0-0 e5 18. Bf5 exd4 19. exd4 g6 20. Rfe1 Qb4 21. Rxc8 Qxd2 22. Ree8 Rb7 23. Bxd7 Rxe8 24. Rxe8+ Kg7 25. Qe5+ Kh6 26. Qxd5 Rc7 27. g5+ Kh5 28. Re3 1-0

[Event "Berlin op 09"]
[Site "Berlin"]
[Date "2004.09.20"]
[Round "3"]
[White "Wallmann, Bodo"]
[Black "Adam, Hanna"]
[Result "1-0"]
[WhiteElo "1623"]
[BlackElo "1498"]
[PlyCount "162"]
[EventDate "2004.09.06"]
[EventType "swiss"]
[EventRounds "7"]
[EventCountry "GER"]
[SourceTitle "EXT 2007"]
[Source "ChessBase"]
[SourceDate "2006.11.23"]
[SourceVersion "1"]
[SourceVersionDate "2006.11.23"]
[SourceQuality "1"]

1. e4 e6 2. d3 d5 3. Nd2 Bd6 4. Ngf3 c5 5. g3 Nc6 6. Bg2 Nge7 7. 0-0 0-0 8. Qe2 Ng6 9. c3 b6 10. Ne1 Bc7 11. f4 f6 12. Qh5 Nce7 13. Qe2 Bb7 14. Ndf3 Qd6 15. Nd2 Rad8 16. Nb3 dxe4 17. dxe4 Qd1 18. Qc4 Qd7 19. Be3 Kh8 20. Nc2 Qc8 21. Rfd1 Ba6 22. Qa4 Be2 23. Re1 Bd3 24. Na3 a6 25. Nc1 b5 26. Qb3 c4 27. Qb4 Qb7 28. Bc5 Bb6 29. Nxd3 Rxd3 30. e5 Qc7 31. Bd4 Bxd4+ 32. cxd4 Rxd4 33. exf6 Rxf6 34. Be4 Qd8 35. Bf3 Rd2 36. Rad1 Qb6+ 37. Kh1 Rxd1 38. Rxd1 Qc7 39. Qd2 Rf8 40. Bg2 Nf5 41. Qd7 Qb6 42. Re1 Ne3 43. Qb7 Qd4 44. Qe4 Qxe4 45. Bxe4 Nf5 46. Bb7 Nd4 47. Re4 Rd8 48. Bxa6 Rd5 49. Bc8 e5 50. Kg2 h6 51. Nb1 b4 52. Ba6 exf4 53. Bxc4 f3+ 54. Kf2 Rd8 55. Bf7 Kh7 56. Nd2 Nc6 57. Nc4 Rf8 58. Bxg6+ Kxg6 59. Re6+ Rf6 60. Rxf6+ Kxf6 61. Kxf3 Ke6 62. Ke4 g6 63. a4 bxa3 64. bxa3 g5 65. a4 Nb4 66. a5 Na6 67. g4 Nc5+ 68. Kd4 Na6 69. Ne3 Kf6 70. Kd5 Nb4+ 71. Kc5 Na6+ 72. Kb6 Nb8 73. Kb7 Nd7 74. Kc6 Nb8+ 75. Kc7 Na6+ 76. Kb7 Nc5+ 77. Kb6 Nd7+ 78. Kb5 Nb8 79. h3 Kg6 80. a6 Nxa6 81. Kxa6 Kf6 1-0

[Event "Berlin op 10"]
[Site "Berlin"]
[Date "2003.11.24"]
[Round "7"]
[White "Walter, Reinhold"]
[Black "Adam, Hanna"]
[Result "1/2-1/2"]
[WhiteElo "1434"]
[BlackElo "1547"]
[PlyCount "73"]
[EventDate "2003.10.13"]
[EventType "swiss"]
[EventRounds "7"]
[EventCountry "GER"]
[SourceTitle "EXT 2007"]
[Source "ChessBase"]
[SourceDate "2006.11.23"]
[SourceVersion "1"]
[SourceVersionDate "2006.11.23"]
[SourceQuality "1"]

1. Nf3 d5 2. e3 Nf6 3. d4 e6 4. Bd3 Bd6 5. c3 Nbd7 6. b3 c6 7. Bb2 e5 8. Bc2 0-0 9. Nbd2 e4 10. Ng1 Re8 11. Ne2 Ng4 12. Ng3 Qg5 13. Qe2 Ndf6 14. Ndf1 c5 15. h4 Qh6 16. Bc1 cxd4 17. exd4 Bf4 18. Bxf4 Qxf4 19. Ne3 Bd7 20. Ngf1 Nxe3 21. Qxe3 Qc7 22. Bd1 Rac8 23. Rc1 Ng4 24. Bxg4 Bxg4 25. Nd2 h5 26. 0-0 b5 27. g3 Qe7 28. Rfe1 Qf6 29. Qg5 Qd6 30. Qe3 Re6 31. c4 bxc4 32. bxc4 Bf3 33. c5 Qe7 34. Nxf3 exf3 35. Qxf3 g6 36. Rxe6 Qxe6 37. Kg2 1/2-1/2

[Event "Berlin op 10"]
[Site "Berlin"]
[Date "2003.11.10"]
[Round "5"]
[White "Warthmann, Stefan"]
[Black "Adam, Hanna"]
[Result "1/2-1/2"]
[WhiteElo "1676"]
[BlackElo "1547"]
[PlyCount "146"]
[EventDate "2003.10.13"]
[EventType "swiss"]
[EventRounds "7"]
[EventCountry "GER"]
[SourceTitle "EXT 2007"]
[Source "ChessBase"]
[SourceDate "2006.11.23"]
[SourceVersion "1"]
[SourceVersionDate "2006.11.23"]
[SourceQuality "1"]

1. e4 e6 2. d4 d5 3. e5 c5 4. c3 Qb6 5. Nf3 Nc6 6. Bd3 cxd4 7. cxd4 Bd7 8. Bc2 f6 9. Nc3 fxe5 10. Nxe5 Nf6 11. Nxc6 Bxc6 12. 0-0 Be7 13. Re1 Bd7 14. Na4 Qc7 15. Qe2 0-0 16. Nc3 a6 17. Bg5 Bd6 18. h3 Bf4 19. Bxf6 Rxf6 20. Qd3 Rh6 21. Bb3 Rf8 22. Qe2 Kh8 23. Kh1 Qd8 24. Qf1 Qf6 25. Rad1 Bd6 26. Re2 Qf4 27. Qg1 Rf5 28. Rd3 Qg5 29. Ba4 b5 30. Bc2 Qf6 31. g4 Rf3 32. Rxf3 Qxf3+ 33. Qg2 Qxh3+ 34. Qxh3 Rxh3+ 35. Kg2 Rh2+ 36. Kf3 g6 37. Re1 Kg7 38. Ne2 Kf6 39. Ng3 e5 40. dxe5+ Bxe5 41. g5+ Ke6 42. Nf1 Rh3+ 43. Kg2 Kd6 44. Bd1 Bxb2 45. Bf3 Rh4 46. Ne3 Be5 47. Bxd5 Bc6 48. Rd1 Rd4 49. Rxd4 Bxd4 50. Bxc6 Kxc6 51. Ng4 Kd6 52. f4 Ke6 53. Kf3 a5 54. Ke4 Bb2 55. Ne3 Bg7 56. Nd5 Kd6 57. Ne3 a4 58. f5 b4 59. f6 Bf8 60. Kd4 Ke6 61. Kc4 Bd6 62. Nc2 b3 63. axb3 axb3 64. Nd4+ Ke5 65. Nxb3 Kf5 66. Nc5 Kxg5 67. Ne4+ Kf5 68. Nxd6+ Kxf6 69. Kd4 Kg5 70. Ke3 h5 71. Kf3 Kh4 72. Ne4 g5 73. Nxg5 Kxg5 1/2-1/2

[Event "Berlin Eckbauer op 5th"]
[Site "Berlin"]
[Date "2002.10.07"]
[Round "1"]
[White "Krempel, Thomas"]
[Black "Adam, Hanna"]
[Result "1-0"]
[WhiteElo "1963"]
[BlackElo "1525"]
[PlyCount "67"]
[EventDate "2002.10.??"]
[EventType "swiss"]
[EventRounds "7"]
[EventCountry "GER"]
[SourceTitle "EXT 2005"]
[Source "ChessBase"]
[SourceDate "2004.11.15"]
[SourceVersion "1"]
[SourceVersionDate "2004.11.15"]
[SourceQuality "1"]

1. e4 e6 2. d4 d5 3. Nc3 Bb4 4. e5 c5 5. a3 Bxc3+ 6. bxc3 Bd7 7. Qg4 Ne7 8. Qxg7 Rg8 9. Qxh7 Nbc6 10. Nf3 Qb6 11. Ng5 0-0-0 12. Nxf7 Rdf8 13. Bh6 Rxf7 14. Qxf7 cxd4 15. Bd3 Rxg2 16. Qf8+ Kc7 17. Ke2 Rg8 18. Qf7 dxc3 19. Be3 d4 20. Bf4 Qc5 21. Rab1 a6 22. Rhg1 Rxg1 23. Rxg1 Qxa3 24. Rg7 Qc5 25. h4 Qd5 26. h5 Nxe5 27. Bxe5+ Qxe5+ 28. Kf1 Qh2 29. Qxe7 Qh1+ 30. Rg1 Qxh5 31. Be2 Qh3+ 32. Ke1 Qh2 33. Qc5+ Kb8 34. Rg8+ 1-0